| 000 | 00318nam a22001217a 4500 | ||
|---|---|---|---|
| 003 | OSt | ||
| 005 | 20260211113347.0 | ||
| 008 | 260211b |||||||| |||| 00| 0 eng d | ||
| 040 | _cWCC Publications | ||
| 082 |
_a362.1969792 _bCHI |
||
| 245 |
_aCompassionate Circles _bAfrican Women Theologians facing HIV |
||
| 942 |
_2ddc _cBK |
||
| 999 |
_c4158 _d4158 |
||